000 00420 a2200109 4500
001 ART_39049
005 20260410161804.0
008 260409a
245 1 0 _aConflictos entre denominación social, nombre comercial y marca registrada en la resolución general (IGJ) 7/2005
100 1 _aMonteleone Lanfranco, Alejandro P.
773 0 _tDoctrina Societaria y Concursal
_g- Nº 317 (abr. 2014)
_wREV4298
999 _c20873
_d20873